00395nam a2200145Ia 4500008004100000040001900041041001200060082002000072100002600092245004600118260002800164300002500192650001400217850001800231131103s9999 xx 000 0 und d aLoreto College aEnglish a920/WALbLCLIB/ aWalters, Anne - Marie aMoondrop to gasconycAnne - Marie walters aLondonbmacmillanc1946 a296p.b Map.c 21cm. aBiography aLCLIB/920/WAL